MARC

Tag First Indicator Second Indicator Subfields
LEADER 00000cam a2200000 a 4500
001 in00002750021
005 20151202170049.0
008 110901s2012 lauab b 001 0 eng
010 |a  2011034846 
020 |a 9780807143476 (cloth : alk. paper) 
020 |a 0807143472 (cloth : alk. paper) 
020 |z 9780807143483 (pdf) 
020 |z 0807143480 (pdf) 
020 |z 9780807143490 (epub) 
020 |z 0807143499 (epub) 
020 |z 9780807143506 (mobi) 
020 |z 0807143502 (mobi) 
035 |a (OCoLC)ocn748941736 
040 |a DLC  |c DLC  |d UtOrBLW 
043 |a n-usu--  |a n-us---  |a n-us-tx 
049 |a TXAM 
050 0 0 |a E580.5.G73  |b L86 2012 
082 0 0 |a 973.7/464  |2 23 
100 1 |a Lundberg, John R. 
245 1 0 |a Granbury's Texas Brigade :  |b diehard western confederates /  |c John R. Lundberg. 
264 1 |a Baton Rouge :  |b Louisiana State University Press,  |c [2012] 
264 4 |c ©2012 
300 |a xii, 321 pages :  |b illustrations, maps ;  |c 24 cm. 
336 |a text  |b txt  |2 rdacontent 
337 |a unmediated  |b n  |2 rdamedia 
338 |a volume  |b nc  |2 rdacarrier 
490 1 |a Conflicting worlds : new dimensions of the American Civil War 
504 |a Includes bibliographical references and index. 
505 0 |a Off to war -- Fort Donelson -- Sojourn in Arkansas -- Arkansas post -- Fighting for Vicksburg -- Prison -- A new start -- Chickamauga -- Chattanooga -- Camp life -- From Dalton to Pickett's Mill -- Stuck in the thickets of north Georgia -- Hood takes command -- The fall of Atlanta -- The interlude -- Flanking Sherman -- Spring Hill and Franklin -- Nashville -- The end of the war. 
610 1 0 |a Confederate States of America.  |b Army.  |b Granbury's Texas Brigade. 
651 0 |a Texas  |x History  |y Civil War, 1861-1865  |x Regimental histories. 
651 0 |a United States  |x History  |y Civil War, 1861-1865  |x Regimental histories. 
651 0 |a United States  |x History  |y Civil War, 1861-1865  |x Campaigns. 
600 1 0 |a Granbury, Hiram Bronson,  |d 1831-1864. 
830 0 |a Conflicting worlds. 
945 |a PromptCat 
946 |a stk 
947 |a A14840495098 
948 |a cataloged  |b h  |c 2012/5/4  |d c  |e dmitchel  |f 12:00:00 pm 
994 |a 92  |b TXA 
999 |a MARS 
999 f f |s 9d419246-7629-31ba-9b8d-4d49e397af69  |i 5ec331ff-188b-31fb-b6b9-70ab70ae93a6  |t 0 
952 f f |p normal  |a Texas A&M University  |b College Station  |c Sterling C. Evans Library  |d Evans: Library Stacks  |t 0  |e E580.5.G73 L86 2012  |h Library of Congress classification  |i unmediated -- volume  |m A14840495098 
998 f f |a E580.5.G73 L86 2012  |t 0  |l Evans: Library Stacks